| 000 | 00955nas a2200313 4500 | ||
|---|---|---|---|
| 001 | BR0303114 | ||
| 003 | BR-BrBNA | ||
| 005 | 20231205103858.0 | ||
| 007 | ta | ||
| 008 | 230509b bl.|||p| |||| 00| 00por d | ||
| 040 |
_aBR-BrBNA _bpor _cBiblioteca Nacional de Agricultura |
||
| 041 | _a(Pt) | ||
| 072 | _aP34; F07 | ||
| 100 | 1 | _aBayer, C. | |
| 100 | 1 | _aMartin-Neto, L. | |
| 100 | 1 | _aSaab, S.C. | |
| 245 | 1 | _aDiminuição de humificação da matéria orgânica de um Cambissolo Húmico em plantio direto | |
| 650 | _aSOLO | ||
| 650 | _aMANEJO DO SOLO | ||
| 650 | _aPLANTIO DIRETO | ||
| 650 | _aHÚMUS | ||
| 650 | _aANÁLISE DO SOLO | ||
| 650 | _aMATÉRIA ORGÂNICA | ||
| 650 | _aCONTROLE DE QUALIDADE | ||
| 650 | _aROTAÇÃO DE CULTURA | ||
| 773 | 0 |
_tRevista Brasileira de Ciência do Solo (Brazil) _xISSN 0100-0683 _g(May-Jun 2003), v. 27(3) p. 537-544 _wBR0303114 |
|
| 909 |
_a202311 _bLúcia _c55 _dLúcia Elande |
||
| 942 |
_2AGRIS _n0 _cANA |
||
| 999 |
_c175220 _d175220 |
||